Removing barriers to professional growth (Record no. 76090)

MARC details
000 -CABECERA
campo de control de longitud fija 00515nam a2200193 a 4500
005 - FECHA Y HORA DE LA ÚLTIMA TRANSACCIÓN
campo de control 20210219153414.0
008 - ELEMENTOS DE LONGITUD FIJA--INFORMACIÓN GENERAL
campo de control de longitud fija 991125n 000 0 u
035 ## - NÚMERO DE CONTROL DEL SISTEMA
Número de control de sistema UPN01000097212
100 1# - ASIENTO PRINCIPAL--NOMBRE PERSONAL
Nombre de persona Duke, Daniel L
222 ## - TÍTULO CLAVE
Título clave PHI DELTA KAPPAN
245 ## - MENCIÓN DE TÍTULO
Título Removing barriers to professional growth
300 ## - DESCRIPCIÓN FÍSICA
Extensión 702-704, 710
362 0# - FECHAS DE PUBLICACIÓN Y/O DESIGNACIÓN SECUENCIAL
Fecha de publicación y/o designación secuencial 1993 Vol. 74, no. 9
653 0# - TERMINO DE INDIZACION - NO CONTROLADO
Término no controlado DESARROLLO PROFESIONAL
653 0# - TERMINO DE INDIZACION - NO CONTROLADO
Término no controlado EVALUACION DOCENTE
653 0# - TERMINO DE INDIZACION - NO CONTROLADO
Término no controlado MOTIVACION DOCENTE
904 ## - ELEMENTOS DE DATOS D LOCAL, LDD (RLIN)
a AC
b 035023
905 ## - TIPO DE MATERIAL
Tipo de material Articulo

No items available.